00689nam a2200205 450000100060000000300090000600500170001500800410003202000300007304000430010308200220014610000210016824500610018924600370025026000590028730000330034650400510037965000310043065000220046122789BD-DhUAP20250817154955.0120816s2012 maua b 001 0 eng  a9781422184035qalk. paper aDLCcBD-DhUAPdBD-DhUAPbENGeBD-DhUAP00a808.06665 GAR2231 aGarner, Bryan A.10aHBR guide to better business writing /cBryan A. Garner.30aGuide to better business writing aBoston, Mass. :bHarvard Business Review Press,c2012. axx, 210 p. :bill. ;c22 cm. aIncludes bibliographical references and index. 0aCommercial correspondence. 0aBusiness writing.